[Event "POL-chT U19 21th"]
[Site "Bydgoszcz"]
[Date "1990.??.??"]
[Round "?"]
[White "Czarnowski, Adam"]
[Black "Kupiec, Arkadiusz"]
[Result "0-1"]
[WhiteElo "2215"]
[BlackElo "2285"]
[PlyCount "60"]
[EventDate "1990.08.05"]
[EventType "team-swiss"]
[EventRounds "11"]
[EventCountry "POL"]
[SourceTitle "EXT 2004"]
[Source "ChessBase"]
[SourceDate "2003.11.25"]
[SourceVersion "1"]
[SourceVersionDate "2003.11.25"]
[SourceQuality "1"]
[WhiteTeam "Gdansk Gedania U19"]
[BlackTeam "Warszawa Legion U19"]
[WhiteTeamCountry "POL"]
[BlackTeamCountry "POL"]

1. d4 d5 2. c4 e6 3. Nc3 c6 4. Nf3 f5 5. Bf4 Nf6 6. e3 Be7 7. Qc2 0-0 8. Bd3 Ne4 9. 0-0-0 a5 10. Bxb8 Rxb8 11. Ne5 Bd7 12. f4 Rc8 13. Bxe4 fxe4 14. c5 b5 15. Rdf1 Bf6 16. Nxd7 Qxd7 17. h4 g6 18. g4 Bd8 19. g5 Bc7 20. Rf2 Qg7 21. h5 gxh5 22. Rxh5 Bxf4 23. Rxf4 Rxf4 24. exf4 Qxd4 25. Qh2 Rc7 26. f5 Rf7 27. f6 Qe3+ 28. Kb1 Qd3+ 29. Kc1 e3 30. Qe2 Qg6 0-1